000 00518nam a2200169Ia 4500
999 _c35386
_d35386
003 OSt
005 20201211135424.0
008 190216s9999||||xx |||||||||||||| ||und||
040 _coclc
082 _a574.92
_bABE/T
100 _aAbe, Muneaki
_97411
245 4 _aThe Children`s Treasury Of Knowledge :
_bUnderwater Life /
_cMuneaki Abe
260 _bTime Life Books,
_c1979.
300 _a111p
650 _aChildren`S Treasury Of Knowledge
942 _cREF
_2ddc
_h574.92
_iABE/T
_k574.92
_mABE/T